000 01116nam a2200349Ia 4500
003 OSt
005 20221007122758.0
006 a|||||r|||| 00| 0
007 ta
008 221006b |||||||| |||| 00| 0 eng d
020 _a9780070151550 (pbk)
024 _a186203
037 _b40, 23/07/2012, Dhanraj Book House
_cTextual
040 _aPAPL
_cPAPL
_beng
041 _2eng
_aeng
082 _aC, P6;2 Carpa
100 _aBeiser Arthur
245 0 _aConcepts of modern physics
_b Mahajan Shobhit Choudhury S Rai
250 _a6
260 _aNew
_bDelhi TMH
_c2011
300 _axxiv,623p.
_ccm.
500 _aAppendix 587-606p.; References 607-608p.; Index 611-623p.
650 _a Atomic structure
650 _a Cosmology
650 _a Quantum mechanies
_9715171
650 _a Relativity
_9713529
650 _aModern Physics
_9715172
700 _a Choudhury S Rai
_9715173
700 _a Mahajan Shobhit
942 _hC, P6;2 Carpa
_cTEXL
_2CC
999 _c1210911
_d1210911